Jan Brzechwa czy Julian Tuwim? - Statystyki

Ogólne statystyki
  • Ten quiz został rozwiązany 184 razy
  • Średni wynik to 11 z 20
Statystyki odpowiedzi
Hint Odpowiedź % Poprawnych
Kaczka dziwaczka Jan Brzechwa
77%
Lokomotywa Julian Tuwim
70%
Kwoka Jan Brzechwa
69%
Na straganie Jan Brzechwa
67%
Na wyspach Bergamutach Jan Brzechwa
67%
Skarżypyta Jan Brzechwa
65%
Samochwała Jan Brzechwa
60%
Okulary Julian Tuwim
58%
Żuk Jan Brzechwa
57%
Bambo Julian Tuwim
57%
Słoń Trąbalski Julian Tuwim
56%
Tydzień Jan Brzechwa
55%
Ptasie radio Julian Tuwim
50%
Staś Pytalski Jan Brzechwa
48%
Tańcowała igła z nitką Jan Brzechwa
48%
Idzie Grześ Julian Tuwim
45%
Abecadło Julian Tuwim
44%
Dyzio Marzyciel Julian Tuwim
41%
Rzepka Julian Tuwim
41%
Zosia Samosia Julian Tuwim
37%
Nie znaleziono quizów pasujących do podanych kryteriów
Rozkład punktacji
Procent ludzi z każdym wynikiem
Percentyl według liczby udzielonych odpowiedzi
Twoja historia wyników
Nie rozwiązałeś tego quizu